000 00215nam a2200097Ia 4500
008 190216s9999||||xx |||||||||||||| ||und||
100 _aMuttathu Varkey
245 0 _aAkkarapacha
260 _bNull
942 _cBK
999 _c24611
_d24611